Fictional Cities & Towns - Statistics

General Stats
  • This quiz has been taken 27 times
  • The average score is 15 of 30
Answer Stats
Hint Answer % Correct
The legendary lost sunken city first described by Plato Atlantis
86%
The capital of the fictional Land of Oz Emerald City
86%
A dark, crime-ridden city, known for its protector, the Dark Knight Gotham City
86%
A town, famously home to the Simpson family Springfield
86%
The fabled South American city of gold El Dorado
81%
Middle Eastern sultanate setting for Disney's Aladdin franchise Agrabah
76%
The city where Clark Kent works for the Daily Planet Metropolis
76%
The idyllic homeland of the Hobbits in J.R.R. Tolkien’s Middle-earth Shire
71%
The town where the Kryptonian spacecraft carrying infant Kal-El landed Smallville
71%
A fictional city that is the primary setting where the Flintstone family and their neighbors live Bedrock
67%
The primary setting of the Pixar's Cars series Radiator Springs
67%
The all-wizarding village in Britain, located near Hogwarts School Hogsmeade
62%
A fictional city from GTA video games that serves as a satirical recreation of Los Angeles Los Santos
52%
A legendary Elven sanctuary in J.R.R. Tolkien's Middle-earth Rivendell
52%
Fictional California city that is the primary setting for the series Buffy the Vampire Slayer Sunnydale
43%
The fictional California town and central setting of the Back to the Future film trilogy Hill Valley
38%
The royal capital of Westeros, known for the Iron Throne King's Landing
38%
A sprawling, lawless spaceport town on the desert planet of Tatooine Mos Eisley
38%
The traditional capital and the long-term seat of government in the Dune franchise Arrakeen
33%
A town plagued by a shapeshifting entity, most commonly seen as Pennywise the Dancing Clown Derry
29%
The formal name of the planet-spanning metropolis that covers Coruscant in Star Wars Galactic City
29%
A fictional setting for the sci-fi horror series Stranger Things Hawkins
29%
The site of the T-virus outbreak in the Resident Evil franchise Raccoon City
29%
The ancestral home of House Stark in the North Winterfell
29%
The primary setting for the television series Desperate Housewives Fairview
24%
The last human city on Earth shown in the Matrix franchise Zion
24%
The capital of Eternia and the home to King Randor and Prince Adam Eternos
19%
Ancient city and the original seat of the Kryptonian Council Kandor
14%
The central fictional town of the The Vampire Diaries franchise Mystic Falls
14%
The first major town the player visits in the Red Dead Redemption 2 Valentine
10%
No matching quizzes found
Score Distribution
Percent of People with Each Score
Percentile by Number Answered
Your Score History
You have not taken this quiz